| 000 | 00538nam a22001817a 4500 | ||
|---|---|---|---|
| 999 |
_c8712 _d8712 |
||
| 003 | OSt | ||
| 005 | 20180301134211.0 | ||
| 008 | 180301b2001 bg ||||| |||| 00| 0 ben d | ||
| 035 | _a(BD-JhCC) | ||
| 040 |
_aBD-JhCC _dBD-JhCC |
||
| 041 | _aeng | ||
| 100 | _aহারুন, এস এ কিউ এম হারুন | ||
| 245 |
_aশিল্প রসায়ন / _cএস এ কিউ এম হারুন হারুন |
||
| 300 |
_a201 p. : _c22 cm. |
||
| 650 | _aChemical engineering | ||
| 942 |
_2ddc _cBK |
||